[Event "44th BAN-ch OMICON 2018"]
[Site "Dhaka"]
[Date "2018.11.29"]
[Round "6"]
[White "Abu Sufian, Shakil"]
[Black "Ahmed, Sk. Nasir"]
[Result "1-0"]
[WhiteElo "2230"]
[BlackElo "2119"]
[Annotator "TA"]
[PlyCount "95"]
[EventDate "2018.11.24"]
[EventType "swiss"]
[EventCountry "BAN"]
[SourceTitle "playchess.com"]
[Source "ChessBase"]
[SourceQuality "1"]

{[%evp 20,95,38,31,38,33,41,41,28,35,31,27,61,65,122,52,39,52,46,31,115,88,95,76,87,99,87,87,93,97,99,97,95,93,85,104,97,97,86,100,91,101,135,131,130,131,136,100,221,220,358,358,316,325,373,288,434,417,538,570,497,239,535,525,5800,4997,3401,2379,1834,1829,29974,29976,29976,29975,29953,29951,5102,1763]} 1. e4 c5 2. Nf3 d6 3. d4 cxd4 4. Nxd4 Nf6 5. Nc3 Nc6 6. Bc4 e6 7. Be3 Bd7 8. Bb3 Be7 9. Qe2 a6 10. O-O-O Qc7 11. g4 {[%cal Bg2g4,Bg4g5][%mdl 32] aiming for g5.} Nxd4 {B89: Sicilian: Velimirovic Attack} 12. Rxd4 Bc6 (12... e5 13. Nd5 Nxd5 14. Rxd5 Bc6 15. g5 Qd7 16. f4 exf4 17. Bxf4 Bxd5 18. Bxd5 Rc8 19. h4 {0-1 (40) Hakki,I (2411)-Adly,A (2554) Cairo 2009}) 13. g5 Nd7 {White is slightly better.} 14. f4 Nc5 15. Rf1 Nxb3+ 16. axb3 e5 ({Better is} 16... Bb5 $14 17. Nxb5 axb5) 17. Rd2 $146 (17. Nd5 $16 Bxd5 18. Rxd5) ({Predecessor:} 17. fxe5 dxe5 18. Rd2 O-O {½-½ (18) Halasz,C (2137)-Igaz,P (2088) Hungary 2006}) 17... exf4 18. Bxf4 ({Don't play} 18. Rxf4 Bxg5 19. Rf5 Bxe3 $11) 18... O-O 19. Kb1 Rad8 (19... Bb5 $14 20. Nxb5 axb5) 20. Rfd1 $36 {[%mdl 2048] White has strong initiative.} Rfe8 21. Nd5 Bxd5 22. Rxd5 Bf8 23. Qd3 Rc8 24. Bxd6 Bxd6 25. Rxd6 Qe7 26. h4 Qxe4 27. Qxe4 Rxe4 $16 {[%mdl 4096] Endgame KRR-KRR} 28. Rd8+ Re8 29. Rxc8 Rxc8 {KR-KR} 30. Rd7 f5 31. gxf6 $1 ({Resist} 31. Rxb7 $6 f4 $14) 31... gxf6 32. Rxb7 f5 33. Rb6 Kg7 (33... Rf8 $16) 34. Rxa6 $18 f4 (34... Re8 $142 35. Kc1 Re1+ 36. Kd2 Rh1) 35. Kc1 f3 {[#] Threatens to win with ...f2.} 36. Kd2 Re8 {intending ...Re2+.} 37. Ra1 Kg6 (37... Re2+ $142 38. Kd3 Rh2) 38. Rf1 Kh5 39. Rxf3 Kxh4 40. Rf7 (40. c4 $142) 40... Rh8 $2 {[#]} (40... Rd8+ {is a better defense.} 41. Ke3 h5) 41. Rg7 h5 42. c4 {[%cal Bc2c4,Bc4c5][%mdl 32]} Kh3 43. b4 {[%cal Bb3b4,Bb4b5,Bb5b6,Bb6b7][%mdl 32]} h4 44. b5 Kh2 45. b6 h3 46. b7 Kh1 47. c5 h2 48. Re7 {Accuracy: White = 85%, Black = 36%.} (48. c6 $142 Rd8+ 49. Rd7) 1-0

[Event "44th BAN-ch OMICON 2018"]
[Site "Dhaka"]
[Date "2018.11.29"]
[Round "6"]
[White "Mehdi Hasan Parag"]
[Black "Hossain, Showkat Pollab"]
[Result "0-1"]
[WhiteElo "2218"]
[BlackElo "2119"]
[Annotator "TA"]
[PlyCount "98"]
[EventDate "2018.11.24"]
[EventType "swiss"]
[EventCountry "BAN"]
[SourceTitle "playchess.com"]
[Source "ChessBase"]
[SourceQuality "1"]

{[%evp 13,98,28,30,23,22,0,0,-27,4,0,2,0,4,9,9,10,12,0,0,0,11,0,0,0,0,0,0,0,0,0,0,0,0,0,0,0,0,-50,-50,-51,-43,-42,-38,-64,-53,-135,-150,-123,-136,-183,-177,-233,-231,-235,-243,-283,-216,-341,-346,-334,-312,-348,-345,-339,-331,-345,-277,-29993,-513,-29991,-344,-332,-279,-329,-231,-246,-239,-561,-565,-524,-397,-397,-389,-340,-336,-358,-350]} 1. e4 d5 2. exd5 Qxd5 3. Nc3 Qa5 4. d4 Nf6 5. Bc4 Bg4 6. f3 Bf5 7. Nge2 e6 {LiveBook: 32 Games} 8. Be3 {B01: Scandinavian Defence} (8. g4 Bg6 9. h4 h6 10. Nf4 Nc6 11. Nxg6 fxg6 12. Bxe6 Rd8 13. d5 Bd6 14. Qd3 Ne7 15. Bd2 c6 16. O-O-O b5 17. dxc6 b4 18. Nb5 Bc7 19. Qc4 a6 20. Nxc7+ Qxc7 21. Bf4 {1-0 (21) Berg,E (2593)-Larino Nieto,D (2428) Calvia 2007}) 8... Nbd7 9. a3 c6 10. O-O {The position is equal.} Nd5 $146 ({Predecessor:} 10... Qc7 11. Bf2 Bg6 12. Bg3 Bd6 13. Bd3 Bxg3 14. Nxg3 Qf4 15. Nge4 Qe3+ {0-1 (41) Hilge,A (2131)-Lutz,D (2240) Bayern 2013}) 11. Bf2 N7f6 12. Bd3 Nxc3 13. Nxc3 Bxd3 14. Qxd3 Rd8 15. Ne4 Be7 16. b4 Qc7 17. c4 O-O 18. Rfd1 b6 19. Bg3 Qb7 20. Be5 Nxe4 21. Qxe4 Rfe8 22. b5 Rc8 23. a4 Qd7 24. Rac1 Red8 25. Qg4 {[%csl Ge5][%cal Rg4g7] [#]} f6 {[%cal Bf7f6,Bf6f5][%mdl 32]} 26. Bg3 f5 27. Qf4 Bf6 {[%cal Rf6d4]} 28. bxc6 Bxd4+ 29. Bf2 (29. Kh1 $15 Rxc6 30. Qd2) 29... Bxf2+ $17 30. Kxf2 Qxc6 31. Re1 Qc5+ 32. Kf1 (32. Qe3 $142) 32... Rd4 $19 33. Qe3 Rc6 34. Qg5 Qd6 ({Much less strong is} 34... Rxc4 35. Qd8+ Kf7 36. Qd7+ Kf6 37. Qd8+ Qe7 38. Rxe6+ Kxe6 39. Re1+ Re4 40. Qxe7+ Kxe7 41. fxe4 $17) 35. h4 (35. Qg3 $142) 35... Rcxc4 36. Rxc4 Rxc4 {[%mdl 4096] Endgame KQR-KQR} 37. h5 Qd3+ ({Not} 37... Rxa4 38. h6 $19) 38. Kg1 Qd4+ (38... Rxa4 $2 39. Qe7 $19) 39. Kf1 Rc2 {[%csl Gc2][%cal Rd4f2]} 40. Qg3 $2 {[#]} (40. Qe3 $19 Qxe3 41. Rxe3) 40... Kf7 (40... f4 $142 41. Rd1 Qc4+ 42. Kg1 fxg3 43. Rd8+ Kf7 44. Rd7+ Kf6 45. Rd1 Rc1 46. Rxc1 Qxc1#) 41. a5 (41. h6 $19 gxh6 42. Rb1) 41... Qc4+ $2 (41... f4 {mates} 42. Qh4 Qd2 {[%mdl 64] Double Attack} 43. Qxf4+ Qxf4 44. Re2 Qc4 45. Kf2 Qxe2+ 46. Kg3 Qxg2+ 47. Kf4 Re2 48. a6 Qh3 49. Kg5 Qg3#) 42. Kg1 Qc5+ 43. Kh1 Rc1 44. axb6 axb6 45. h6 $2 (45. Rxc1 Qxc1+ 46. Kh2) 45... Qc3 46. Rg1 Qa1 47. Qc7+ Rxc7 48. Rxa1 g5 49. Rb1 Rc6 {Accuracy: White = 25%, Black = 74%.} 0-1

[Event "44th BAN-ch OMICON 2018"]
[Site "Dhaka"]
[Date "2018.11.29"]
[Round "6"]
[White "Anata, Choudhury"]
[Black "Md., Sharif Hossain"]
[Result "1-0"]
[WhiteElo "2141"]
[BlackElo "2198"]
[Annotator "RC"]
[PlyCount "164"]
[EventDate "2018.11.24"]
[EventType "swiss"]
[EventCountry "BAN"]
[SourceTitle "playchess.com"]
[Source "ChessBase"]
[SourceQuality "1"]
[TimeControl "40/5400+30:1800+30"]

1. e4 {[%emt 0:00:00]} d5 {[%emt 0:00:00]} 2. exd5 Qxd5 {[%emt 0:00:00]} 3. Nf3 {[%emt 0:00:00]} Nf6 {[%emt 0:00:09]} 4. d4 {[%emt 0:00:09]} a6 {[%emt 0:01:13]} 5. c4 {[%emt 0:00:19]} Qd6 {[%emt 0:00:19]} 6. Nc3 {[%emt 0:00:15]} g6 {[%emt 0:00:52]} 7. Be2 {[%emt 0:00:36]} Bg7 {[%emt 0:00:15]} 8. O-O {[%emt 0:00:54]} O-O {[%emt 0:07:54]} 9. Re1 {[%emt 0:04:17]} c5 {[%emt 0:03:33]} 10. dxc5 {[%emt 0:07:10]} Qxc5 {[%emt 0:00:28]} 11. Be3 {[%emt 0:00:13]} Qc7 {[%emt 0:01:17]} 12. Qb3 {[%emt 0:01:09]} Nbd7 {[%emt 0:04:25]} 13. Nd5 {[%emt 0:01:01]} Nxd5 {[%emt 0:01:46]} 14. cxd5 {[%emt 0:00:10]} Ne5 {[%emt 0:08:58]} 15. Rac1 {[%emt 0:11:33]} Qd7 {[%emt 0:06:56]} 16. Bb6 {[%emt 0:04:00]} Qf5 {[%emt 0:07:46]} 17. Bc5 {[%emt 0:20:38]} Re8 {[%emt 0:03:29]} 18. h3 {[%emt 0:04:14]} b5 {[%emt 0:10:06]} 19. Be3 {[%emt 0:14:41]} Qf6 {[%emt 0:07:20]} 20. Nd4 {[%emt 0:03:21]} Qd6 {[%emt 0:07:41]} 21. Red1 {[%emt 0:05:05]} Bb7 {[%emt 0:07:08]} 22. Nc6 {[%emt 0:00:56]} Rac8 {[%emt 0:03:12]} 23. a4 {[%emt 0:00:52]} Bxc6 {[%emt 0:12:14]} 24. dxc6 {[%emt 0:01:28]} Qb8 {[%emt 0:00:53]} 25. axb5 {[%emt 0:04:46]} Nxc6 {[%emt 0:02:55]} 26. Qa4 {[%emt 0:00:32]} axb5 {[%emt 0:02:11]} 27. Bxb5 {[%emt 0:00:25]} Ne5 {[%emt 0:00:00]} 28. Bxe8 {[%emt 0:00:34]} Rxe8 {[%emt 0:00:00]} 29. b4 {[%emt 0:02:04]} f5 {[%emt 0:00:47]} 30. b5 {[%emt 0:00:36]} Nf7 {[%emt 0:00:36]} 31. b6 {[%emt 0:00:39]} Be5 {[%emt 0:00:17]} 32. Qa7 {[%emt 0:00:32]} f4 {[%emt 0:00:36]} 33. Qxb8 {[%emt 0:00:34]} Rxb8 {[%emt 0:00:10]} 34. Bc5 {[%emt 0:00:25]} Bd6 {[%emt 0:00:16]} 35. Bxd6 {[%emt 0:00:50]} Nxd6 {[%emt 0:00:01]} 36. Rc6 {[%emt 0:00:11]} Kf7 {[%emt 0:00:24]} 37. Ra1 {[%emt 0:00:37]} Ke6 {[%emt 0:00:34]} 38. Ra7 {[%emt 0:00:41]} h6 {[%emt 0:00:38]} 39. b7 {[%emt 0:05:53]} Kd7 {[%emt 0:00:15]} 40. Rb6 {[%emt 0:00:00]} Kc7 {[%emt 0:00:00]} 41. Ra8 {[%emt 0:01:07]} Rxb7 {[%emt 0:00:41]} 42. Rxb7+ {[%emt 0:00:15]} Kxb7 {[%emt 0:00:00]} 43. Rg8 {[%emt 0:01:15]} g5 {[%emt 0:00:23]} 44. Rg7 {[%emt 0:00:10]} Kc6 {[%emt 0:01:52]} 45. Rg6 {[%emt 0:00:28]} Kd5 {[%emt 0:00:15]} 46. Rxh6 {[%emt 0:00:10]} Ke5 {[%emt 0:00:15]} 47. Kf1 {[%emt 0:01:25]} Nf7 {[%emt 0:01:15]} 48. Ra6 {[%emt 0:00:24]} Kf5 {[%emt 0:00:26]} 49. Ra7 {[%emt 0:00:30]} Kf6 {[%emt 0:00:14]} 50. Ke2 {[%emt 0:00:25]} Ne5 {[%emt 0:00:47]} 51. Kd2 {[%emt 0:02:57]} e6 {[%emt 0:00:47]} 52. Ra4 {[%emt 0:01:55]} Kf5 {[%emt 0:00:55]} 53. Kc3 {[%emt 0:01:50]} g4 {[%emt 0:03:43]} 54. Ra5 {[%emt 0:10:27]} gxh3 {[%emt 0:01:35]} 55. gxh3 {[%emt 0:00:16]} Kf6 {[%emt 0:00:31]} 56. Rb5 {[%emt 0:02:47]} Nf3 {[%emt 0:00:34]} 57. Kd3 {[%emt 0:04:09]} e5 {[%emt 0:00:50]} 58. h4 {[%emt 0:00:46]} Nxh4 {[%emt 0:12:30]} 59. Ke4 {[%emt 0:00:30]} Ng6 {[%emt 0:01:03]} 60. Rb6+ {[%emt 0:00:21]} Kg5 {[%emt 0:00:44]} 61. Re6 {[%emt 0:05:55]} f3 {[%emt 0:04:31]} 62. Ra6 {[%emt 0:01:47]} Nf4 {[%emt 0:04:04]} 63. Ra3 {[%emt 0:02:24]} Ne6 {[%emt 0:01:56]} 64. Rxf3 {[%emt 0:01:05]} Nd4 {[%emt 0:00:36]} 65. Rf8 {[%emt 0:00:28]} Nc6 {[%emt 0:01:01]} 66. Rc8 {[%emt 0:00:59]} Ne7 {[%emt 0:00:20]} 67. Rc5 {[%emt 0:01:37]} Kf6 {[%emt 0:00:38]} 68. Rxe5 {[%emt 0:00:17]} Nc8 {[%emt 0:00:08]} 69. Rc5 {[%emt 0:01:32]} Nd6+ {[%emt 0:00:13]} 70. Kf4 {[%emt 0:00:31]} Ne8 {[%emt 0:00:07]} 71. Rc6+ {[%emt 0:00:40]} Ke7 {[%emt 0:00:01]} 72. Ke5 {[%emt 0:00:14]} Kd7 {[%emt 0:00:11]} 73. Rh6 {[%emt 0:00:13]} Ke7 {[%emt 0:00:24]} 74. f4 {[%emt 0:00:14]} Kf7 {[%emt 0:00:05]} 75. Ra6 {[%emt 0:00:26]} Kg7 {[%emt 0:00:16]} 76. f5 {[%emt 0:00:19]} Kf8 {[%emt 0:00:35]} 77. Ra7 {[%emt 0:00:18]} Ng7 {[%emt 0:00:41]} 78. f6 {[%emt 0:00:35]} Nh5 {[%emt 0:00:23]} 79. Ke6 {[%emt 0:01:14]} Nf4+ {[%emt 0:00:13]} 80. Kf5 {[%emt 0:00:07]} Nd5 {[%emt 0:00:15]} 81. Ke5 {[%emt 0:01:29]} Nb6 {[%emt 0:01:02]} 82. Ke6 {[%emt 0:00:16]} Kg8 {[%emt 0:00:34]} 1-0

[Event "44th BAN-ch OMICON 2018"]
[Site "Dhaka"]
[Date "2018.11.29"]
[Round "6"]
[White "Mohammad, Javed"]
[Black "Mohammad Fahad, Rahman"]
[Result "1/2-1/2"]
[WhiteElo "2135"]
[BlackElo "2381"]
[Annotator "RC"]
[PlyCount "103"]
[EventDate "2018.11.24"]
[EventType "swiss"]
[EventCountry "BAN"]
[SourceTitle "playchess.com"]
[Source "ChessBase"]
[SourceQuality "1"]
[TimeControl "40/5400+30:1800+30"]

1. e4 {[%emt 0:00:00]} c5 {[%emt 0:00:00]} 2. Nf3 {[%emt 0:00:09]} d6 {[%emt 0:00:00]} 3. d4 {[%emt 0:01:14]} cxd4 {[%emt 0:00:00]} 4. Nxd4 {[%emt 0:00:13]} Nf6 {[%emt 0:00:05]} 5. Nc3 {[%emt 0:00:10]} a6 {[%emt 0:00:07]} 6. Bg5 {[%emt 0:03:34]} e6 {[%emt 0:00:23]} 7. f4 {[%emt 0:00:05]} h6 {[%emt 0:00:27]} 8. Bh4 {[%emt 0:01:05]} Qb6 {[%emt 0:00:20]} 9. a3 {[%emt 0:01:06]} Be7 {[%emt 0:00:25]} 10. Bf2 {[%emt 0:00:26]} Qc7 {[%emt 0:00:15]} 11. Qe2 {[%emt 0:00:16]} Nbd7 {[%emt 0:04:46]} 12. g4 {[%emt 0:02:11]} b5 {[%emt 0:03:25]} 13. O-O-O {[%emt 0:02:14]} Bb7 {[%emt 0:00:37]} 14. Bg2 {[%emt 0:04:45]} g5 {[%emt 0:03:47]} 15. h4 {[%emt 0:02:30]} Rg8 {[%emt 0:09:31]} 16. hxg5 {[%emt 0:11:51]} hxg5 {[%emt 0:00:12]} 17. fxg5 {[%emt 0:03:00]} Rxg5 {[%emt 0:00:11]} 18. Rh8+ {[%emt 0:00:15]} Rg8 {[%emt 0:01:18]} 19. Rxg8+ {[%emt 0:09:18]} Nxg8 {[%emt 0:02:57]} 20. Be3 {[%emt 0:10:35]} Ne5 {[%emt 0:03:02]} 21. g5 {[%emt 0:00:53]} O-O-O {[%emt 0:06:14]} 22. Kb1 {[%emt 0:06:38]} Kb8 {[%emt 0:03:01]} 23. Rf1 {[%emt 0:05:57]} Rf8 {[%emt 0:09:14]} 24. a4 {[%emt 0:04:44]} bxa4 {[%emt 0:14:50]} 25. Nxa4 {[%emt 0:00:28]} Nc4 {[%emt 0:00:16]} 26. Bc1 {[%emt 0:02:15]} Bc8 {[%emt 0:05:35]} 27. Rf3 {[%emt 0:00:36]} Na5 {[%emt 0:08:45]} 28. Bd2 {[%emt 0:04:54]} Bb7 {[%emt 0:00:26]} 29. Rc3 {[%emt 0:01:13]} Qd7 {[%emt 0:05:22]} 30. Nb6 {[%emt 0:00:39]} Qd8 {[%emt 0:00:04]} 31. Na4 {[%emt 0:06:46]} Bxg5 {[%emt 0:02:02]} 32. Bxg5 {[%emt 0:09:32]} Qxg5 {[%emt 0:00:08]} 33. b4 {[%emt 0:00:10]} Qf6 {[%emt 0:06:44]} 34. Qd2 {[%emt 0:00:38]} e5 {[%emt 0:00:18]} 35. Nf5 {[%emt 0:00:57]} Nc6 {[%emt 0:00:10]} 36. Nb6 {[%emt 0:00:16]} Rd8 {[%emt 0:00:36]} 37. Nd5 {[%emt 0:04:04]} Qe6 {[%emt 0:00:05]} 38. b5 {[%emt 0:00:19]} axb5 {[%emt 0:00:15]} 39. Bf1 {[%emt 0:01:06]} Nce7 {[%emt 0:01:19]} 40. Nc7 {[%emt 0:00:00]} Qf6 {[%emt 0:00:00]} 41. Bxb5 {[%emt 0:10:53]} d5 {[%emt 0:06:41]} 42. Ne8 {[%emt 0:14:49]} Qb6 {[%emt 0:01:12]} 43. Rb3 {[%emt 0:00:23]} Nxf5 {[%emt 0:05:30]} 44. exf5 {[%emt 0:00:11]} Nf6 {[%emt 0:11:49]} 45. Nxf6 {[%emt 0:04:49]} Qxf6 {[%emt 0:00:02]} 46. Qa5 {[%emt 0:00:43]} Rd6 {[%emt 0:03:35]} 47. Ra3 {[%emt 0:00:13]} e4 {[%emt 0:01:42]} 48. Qa7+ {[%emt 0:00:40]} Kc8 {[%emt 0:00:12]} 49. Qc5+ {[%emt 0:00:22]} Kb8 {[%emt 0:00:18]} 50. Qa7+ {[%emt 0:01:04]} Kc8 {[%emt 0:06:59]} 51. Qc5+ {[%emt 0:00:13]} Kb8 {[%emt 0:00:38]} 52. Qa7+ {[%emt 0:01:01]} 1/2-1/2

[Event "44th BAN-ch OMICON 2018"]
[Site "Dhaka"]
[Date "2018.11.29"]
[Round "6"]
[White "Subrota, Biswas"]
[Black "Zia, Tahsin Tajwar"]
[Result "1/2-1/2"]
[WhiteElo "2126"]
[BlackElo "1803"]
[Annotator "ChessBase"]
[PlyCount "108"]
[EventDate "2018.11.24"]
[EventType "swiss"]
[EventCountry "BAN"]
[SourceTitle "playchess.com"]
[Source "ChessBase"]
[SourceQuality "1"]
[TimeControl "40/5400+30:1800+30"]

1. Nc3 {[%emt 0:00:00]} d5 {[%emt 0:00:00]} 2. d4 {[%emt 0:00:35]} Nf6 {[%emt 0:00:18]} 3. Bg5 {[%emt 0:00:06]} Bf5 {[%emt 0:01:03]} 4. f3 {[%emt 0:00:39]} c6 {[%emt 0:02:04]} 5. Qd2 {[%emt 0:00:45]} Nbd7 {[%emt 0:00:33]} 6. Nh3 {[%emt 0:00:12]} h6 {[%emt 0:01:58]} 7. Bh4 {[%emt 0:00:19]} g5 {[%emt 0:02:46]} 8. Bg3 {[%emt 0:00:43]} Bg7 {[%emt 0:00:31]} 9. Nf2 {[%emt 0:01:05]} Bg6 {[%emt 0:02:31]} 10. e4 {[%emt 0:05:58]} e6 {[%emt 0:02:52]} 11. h4 {[%emt 0:06:15]} Nh5 {[%emt 0:02:30]} 12. Bd6 {[%emt 0:01:06]} Nb6 {[%emt 0:00:59]} 13. Bc5 {[%emt 0:03:16]} Ng3 {[%emt 0:01:04]} 14. O-O-O {[%emt 0:04:10]} Nxh1 {[%emt 0:01:17]} 15. Nxh1 {[%emt 0:00:02]} gxh4 {[%emt 0:00:42]} 16. exd5 {[%emt 0:02:46]} Nxd5 {[%emt 0:01:48]} 17. Ne4 {[%emt 0:01:28]} b6 {[%emt 0:06:40]} 18. Nd6+ {[%emt 0:03:28]} Kd7 {[%emt 0:01:46]} 19. c4 {[%emt 0:13:33]} Qg5 {[%emt 0:02:57]} 20. Qxg5 {[%emt 0:01:05]} hxg5 {[%emt 0:00:13]} 21. cxd5 {[%emt 0:00:24]} exd5 {[%emt 0:02:09]} 22. Ba3 {[%emt 0:01:24]} Bf8 {[%emt 0:02:21]} 23. Nb5 {[%emt 0:00:18]} cxb5 {[%emt 0:01:17]} 24. Bxb5+ {[%emt 0:00:05]} Kd8 {[%emt 0:00:18]} 25. Ba6 {[%emt 0:03:21]} Bxa3 {[%emt 0:00:57]} 26. bxa3 {[%emt 0:00:01]} Kc7 {[%emt 0:01:01]} 27. Nf2 {[%emt 0:00:35]} b5 {[%emt 0:03:00]} 28. Bxb5 {[%emt 0:01:48]} Kb6 {[%emt 0:01:22]} 29. Bd7 {[%emt 0:02:07]} Rhd8 {[%emt 0:01:12]} 30. Bh3 {[%emt 0:02:02]} Re8 {[%emt 0:01:54]} 31. Kd2 {[%emt 0:00:16]} Re7 {[%emt 0:01:39]} 32. Ng4 {[%emt 0:02:19]} Rc8 {[%emt 0:01:27]} 33. Ne3 {[%emt 0:00:47]} Rd8 {[%emt 0:02:15]} 34. Rc1 {[%emt 0:03:02]} Rc7 {[%emt 0:00:56]} 35. Rf1 {[%emt 0:00:43]} Ka5 {[%emt 0:02:43]} 36. f4 {[%emt 0:01:02]} Be4 {[%emt 0:01:17]} 37. fxg5 {[%emt 0:02:11]} Rb8 {[%emt 0:01:55]} 38. Nf5 {[%emt 0:08:19]} Rb2+ {[%emt 0:01:38]} 39. Ke3 {[%emt 0:00:15]} Rc3+ {[%emt 0:01:31]} 40. Kf4 {[%emt 0:00:00]} Bxf5 {[%emt 0:00:00]} 41. Kxf5 {[%emt 0:00:20]} Rxa3 {[%emt 0:03:03]} 42. Ke5 {[%emt 0:01:15]} Rb7 {[%emt 0:02:48]} 43. Kxd5 {[%emt 0:03:14]} Rxa2 {[%emt 0:01:46]} 44. Ke4 {[%emt 0:01:14]} Rab2 {[%emt 0:12:40]} 45. d5 {[%emt 0:04:36]} Re7+ {[%emt 0:02:15]} 46. Kd4 {[%emt 0:01:15]} Kb4 {[%emt 0:04:02]} 47. Bf5 {[%emt 0:03:36]} Rd2+ {[%emt 0:05:56]} 48. Bd3 {[%emt 0:00:02]} Rxg2 {[%emt 0:03:07]} 49. Rb1+ {[%emt 0:01:04]} Ka3 {[%emt 0:02:41]} 50. Rh1 {[%emt 0:09:19]} Rg4+ {[%emt 0:01:56]} 51. Kc5 {[%emt 0:00:03]} Rxg5 {[%emt 0:00:34]} 52. Rxh4 {[%emt 0:00:19]} Ree5 {[%emt 0:02:09]} 53. Bc4 {[%emt 0:00:56]} Rh5 {[%emt 0:01:43]} 54. Rd4 {[%emt 0:01:44]} Kb2 {[%emt 0:03:04]} 1/2-1/2

[Event "44th BAN-ch OMICON 2018"]
[Site "Dhaka"]
[Date "2018.11.29"]
[Round "6"]
[White "Ikramul, Haq Siam"]
[Black "Rahman, Taibur"]
[Result "1/2-1/2"]
[WhiteElo "2100"]
[BlackElo "2239"]
[Annotator "TA"]
[PlyCount "49"]
[EventDate "2018.11.24"]
[EventType "swiss"]
[EventCountry "BAN"]
[SourceTitle "playchess.com"]
[Source "ChessBase"]
[SourceQuality "1"]

{[%evp 14,49,41,39,41,43,45,38,57,0,54,0,41,0,51,22,32,28,45,47,52,49,43,33,31,39,50,29,39,31,31,34,34,38,38,43,36,25]} 1. d4 e6 2. e4 c5 3. d5 Nf6 4. Nc3 exd5 5. exd5 d6 6. h3 {A43: Schmid Benoni} (6. Nf3 Be7 7. Be2 O-O 8. O-O Na6 9. Bf4 Nc7 10. a4 b6 11. a5 Bb7 12. Bc4 b5 13. Nxb5 Bxd5 14. Bxd5 Ncxd5 15. Bd2 Nc7 16. Nxc7 Qxc7 {1-0 (60) Nabaty,T (2586)-Kovacevic,B (2454) Zagreb 2014}) 6... Be7 7. Nf3 O-O 8. Be2 {LiveBook: 13 Games} a6 9. a4 Bf5 10. Nh4 Bd7 11. Nf3 Bf5 $1 12. Nh4 (12. Nd2 $14) 12... Bc8 13. Nf3 h6 (13... Bf5 $11) 14. Bd3 $146 ({Predecessor:} 14. O-O Bf5 15. Bf4 Nbd7 16. Bd3 Bxd3 17. Qxd3 Re8 18. Rfe1 Qc7 {1-0 (49) Lemos,D (2206)-Tristan,L (2215) Esperanza 2003}) 14... Nbd7 15. O-O Nb6 16. Be2 Bf5 17. a5 Nbd7 18. Bd3 Bxd3 19. Qxd3 Re8 20. Re1 Qc7 21. Bf4 {White is slightly better.} Bf8 22. Rxe8 Rxe8 23. Nd2 Ne5 24. Bxe5 Rxe5 25. Nc4 {Accuracy: White = 54%, Black = 39%.} 1/2-1/2

[Event "44th BAN-ch OMICON 2018"]
[Site "Dhaka"]
[Date "2018.11.29"]
[Round "6"]
[White "Nayem, Haque"]
[Black "Ghosh, Chanchal Kumer"]
[Result "0-1"]
[WhiteElo "2074"]
[BlackElo "2069"]
[Annotator "NA RC"]
[PlyCount "106"]
[EventDate "2018.11.24"]
[EventType "swiss"]
[EventCountry "BAN"]
[SourceTitle "playchess.com"]
[Source "ChessBase"]
[SourceQuality "1"]
[TimeControl "40/5400+30:1800+30"]

1. c4 {[%emt 1:30:30]} Nf6 {[%emt 1:30:30]} 2. Nf3 {[%emt 0:00:30]} c6 {[%emt 0:00:30]} 3. g3 {[%emt 0:00:30]} d5 {[%emt 0:00:30]} 4. Bg2 {[%emt 0:00:30]} Nbd7 {[%emt 0:00:30]} 5. O-O {[%emt 0:00:30] A11: English Opening: 1...c6} e5 {[%emt 0:00:30]} 6. d3 {[%emt 0:00:30]} Be7 {[%emt 0:00:30]} (6... dxc4 7. dxc4 Be7 8. Nc3 O-O 9. Qc2 Qc7 10. Rd1 Re8 11. a3 a5 12. Rb1 h6 13. h3 Nb6 14. b3 a4 15. Nxa4 Nxa4 16. bxa4 e4 17. Bf4 Qa5 18. Nd2 Qxa4 19. Rb3 Bf5 {1-0 (50) Svidler,P (2760)-Morozevich,A (2665) Moscow 2018}) 7. cxd5 {[%emt 0:00:30]} cxd5 {[%emt 0:00:30]} 8. d4 {[%emt 0:00:30]} e4 {[%emt 0:00:30]} 9. Ne1 {[%emt 0:00:30]} O-O {[%emt 0:00:30]} 10. Nc3 {[%emt 0:00:30]} Nb6 {[%emt 0:00:30]} 11. f3 $146 {[%emt 0:00:30]} ({Predecessor:} 11. Nc2 Be6 12. Ne3 Rc8 13. f4 {½-½ (13) Supancic,D (2372)-Roskar,R (2245) Celje 2004}) 11... Re8 {[%emt 0:00:30]} 12. fxe4 {[%emt 0:00:30]} Nxe4 {[%emt 0:00:30]} 13. Nxe4 {[%emt 0:00:30]} dxe4 {[%emt 0:00:30]} 14. Nc2 {[%emt 0:00:30]} Bd6 {[%emt 0:00:30]} 15. Bf4 {[%emt 0:00:30]} Nd5 {[%emt 0:00:30]} 16. Bxd6 {[%emt 0:00:30]} Qxd6 {[%emt 0:00:30]} 17. Qd2 {[%emt 0:00:30]} Bg4 {[%emt 0:00:30]} 18. Ne3 {[%emt 0:00:30]} Qh6 {[%emt 0:00:30]} 19. Rf4 $2 {[%emt 0:00:30]} (19. Nc4 $15) 19... Nxf4 {[%emt 0:00:30]} 20. gxf4 {[%emt 0:00:30]} Qxf4 {[%emt 0:00:30]} 21. Rf1 {[%emt 0:00:30]} Qg5 {[%emt 0:00:30]} 22. h4 {[%emt 0:00:30]} Qh6 {[%emt 0:00:30]} 23. Qc3 {[%emt 0:00:30]} Qxh4 {[%emt 0:00:30]} 24. Rf4 {[%emt 0:00:30]} h5 {[%emt 0:00:30]} 25. Qb3 {[%emt 0:00:30]} Rf8 {[%emt 0:00:30]} 26. Rxe4 {[%emt 0:00:30]} b6 {[%emt 0:00:30]} 27. Rf4 {[%emt 0:00:30]} Qg3 {[%emt 0:00:30]} 28. Rf2 {[%emt 0:00:30]} Rac8 {[%emt 0:00:30]} 29. Nc4 {[%emt 0:00:30]} Qxb3 {[%emt 0:00:30]} 30. axb3 {[%emt 0:00:30]} Rfd8 {[%emt 0:00:30]} 31. d5 {[%emt 0:00:30]} f6 {[%emt 0:00:30]} 32. e4 {[%emt 0:00:30]} Rc5 {[%emt 0:00:30]} 33. Rd2 {[%emt 0:00:30]} Rb5 {[%emt 0:00:30]} 34. e5 {[%emt 0:00:30]} fxe5 {[%emt 0:00:30]} 35. Nxe5 {[%emt 0:00:30]} Rxb3 {[%emt 0:00:30]} 36. d6 {[%emt 0:00:30]} Re3 {[%emt 0:00:30]} 37. Nc6 {[%emt 0:00:30]} Rd7 {[%emt 0:00:30]} 38. Nb8 {[%emt 0:00:30]} Kf7 {[%emt 0:00:30]} 39. Nxd7 {[%emt 0:00:30]} Bxd7 {[%emt 0:00:30]} 40. Bd5+ {[%emt 0:00:30]} Ke8 {[%emt 0:00:30]} 41. Kf2 {[%emt 0:30:30]} Re5 {[%emt 0:30:30]} 42. Bf3 {[%emt 0:00:30]} Kd8 {[%emt 0:00:30]} 43. Kg3 {[%emt 0:00:30]} g6 {[%emt 0:00:30]} 44. Rd4 {[%emt 0:00:30]} Be6 {[%emt 0:00:30]} 45. Kf4 {[%emt 0:00:30]} Rf5+ {[%emt 0:00:30]} 46. Ke3 {[%emt 0:00:30]} Kd7 {[%emt 0:00:30]} 47. Be4 {[%emt 0:00:30]} Rf6 {[%emt 0:00:30]} 48. Bd3 {[%emt 0:00:30]} g5 {[%emt 0:00:30]} 49. Bb5+ {[%emt 0:00:30]} Kd8 {[%emt 0:00:30]} 50. Be2 {[%emt 0:00:30]} h4 {[%emt 0:00:30]} 51. Ra4 {[%emt 0:00:30]} a5 {[%emt 0:00:30]} 52. b4 {[%emt 0:00:30]} Rf4 {[%emt 0:00:30]} 53. Bb5 $19 {[%emt 0:00:30]} Rxb4 {[%emt 0:00:30] Kd4 [%clk 0:00:00]} 0-1